000 003040000a22001330004500
041 0 _aSPA
082 0 4 _aG 863 A2846d
100 1 _aAguilera Malta, Demetrio (1909-)
245 1 0 _aDon Goyo / Demetrio Aguilera Malta
260 _aQuito, Ecuador : Ariel
300 _a199 Pag
001 11023
942 _cBK
999 _c40396
_d40396